000 00215nam a22000977a 4500
999 _c12802
_d12802
020 _a978-969-914-651-0
082 _a9625
100 _aKhuwaja Razi Hyder
245 _aQuai-i-Azam Ke 72 Saal (1876-1948)
942 _cBK